000 01052 a2200169 4500
003 Nust
005 20221011142537.0
040 _cNust
082 _a540,BAU
100 _aBaum ,Stuart J
_999912
245 _aintroduction to Organic And Biological Chemistry
_cStuart j Baum
260 _aLondon
_bMacmillan co
_c1970
300 _a471:p
505 _aIntroduction To Organic Chemistry (Page-1), The Saturated Hydrocarbons (Page-11), The Unsaturated Hydrocarbons (Page-31), The Aromatic Hydrocarbons (Page-49), Halogen Derivatives Of Hydrocarbons (Page-63), Alcohols And Ethers (Page-73), Aldehydes And Ketones (Page-95), Acids And Esters (Page-127), Amides And Amines (Page-163), Stereoisomerism (Page-187), Carbohydrates (Page-213), Lipids (Page-245), Proteins (Page-271), Enzymes (Page-305), The Nucleic Acids (Page-331), The Conversion Of Light Energy Into Chemical Energy (Page-363), Carbohydrate Metabolism (Page-379), Lipid Metabolism (Page-413), Protein Metabolism (Page-429), The Blood (Page-447).
650 _aChemistry
942 _2ddc
_cBK
999 _c183344
_d183344